Statistics for All Asian Countries by HDI - In Order

Click here to take the quiz!

General Stats

  • This quiz has been taken 161 times
  • The average score is 42 of 47

Answer Stats

HDIHintAnswer% Correct
0,938 (Very High)SSingapore
98%
0.916 (Very High)SSouth Korea
97%
0,919 (Very High)IIsrael
96%
0.919 (Very High)JJapan
96%
0,848 (Very High)QQatar
95%
0,838 (Very High)BBrunei
94%
0,890 (Very High)UUnited Arab Emirates
94%
0,852 (Very High)BBahrain
93%
0,825 (Very High)KKazakhstan
93%
0,810 (Very High)MMalaysia
93%
0,812 (Very High)GGeorgia
92%
0,776 (High)AArmenia
91%
0,756 (High)AAzerbaijan
91%
0,813 (Very High)OOman
91%
0,824 (Very High)RRussia
91%
0,820 (Very High)TTurkey
91%
0,470 (Low)YYemen
91%
0,783 (High)IIran
90%
0,806 (Very High)KKuwait
90%
0,744 (High)LLebanon
90%
0,854 (Very High)SSaudi Arabia
90%
0,703 (High)VVietnam
89%
0,511 (Low)AAfghanistan
88%
0,654 (Medium)BBhutan
88%
0,718 (High)IIndonesia
88%
0,674 (Medium)IIraq
88%
0,729 (High)JJordan
88%
0,613 (Medium)LLaos
88%
0,697 (Medium)KKyrgyzstan
87%
0,557 (Medium)PPakistan
87%
0,777 (High)TThailand
87%
0,632 (Medium)BBangladesh
86%
0,761 (High)CChina
86%
0,583 (Medium)MMyanmar
86%
0,718 (High)PPhilippines
86%
0,782 (High)SSri Lanka
86%
0,668 (Medium)TTajikistan
86%
0,715 (High)TTurkmenistan
86%
0,720 (High)UUzbekistan
86%
0,594 (Medium)CCambodia
85%
0,645 (Medium)IIndia
85%
0,737 (High)MMongolia
85%
0,606 (Medium)EEast Timor
84%
0,740 (High)MMaldives
83%
0,567 (Medium)SSyria
83%
0,887 (Very High)CCyprus
82%
0,602 (Medium)NNepal
82%

Score Distribution

Percentile by Number Answered

Percent of People with Each Score

Your Score History

You have not taken this quiz